000 00976nam a2200265Ia 4500
003 OSt
005 20221005111616.0
006 a|||||r|||| 00| 0
007 ta
008 221004b |||||||| |||| 00| 0 hin d
020 _cIndian Rupees 120.00
024 _a27883
037 _bGift, 04/10/2016,
_cTextual
040 _aCRL
_cCRL
_bhin
041 _2hin
_ahin
082 _aO152:g(Y), M9;P6
100 _aपाण्डेय, मैनेजर
245 0 _aसाहित्य के समाजशास्त्र की भूमिका
246 _aSāhitya ke samājashāstra kī bhūmikā
260 _aपंचकूला
_bहरियाणा ग्रंथ अकादमी भारत
_c2006
300 _a344पृ0
_ccm.
650 _aहिन्दी साहित्य
942 _hO152:g(Y), M9;P6
_cTEXL
_2cc
999 _c1022335
_d1022335